000 00755nam a22002657a 4500
001 7301
003 FISKH
005 20250709083413.0
008 250709b cb ||||| |||| 00| 0 eng d
020 _a9780545168250
040 _aFISKH
_beng
_cFISKH
_dFISKH
050 _aPZ7
082 _a331.25
100 _aRyan, Josh
245 _aNight shift /
_cby Josh Ryan
260 _aNew York :
_bScholastic,
_c2009.
300 _a12 pages :
_bcolor illustrations ;
_c19 x 23 cm
505 _aC
520 _aSimple text and illustrations present occupations of people that work at night.
521 8 _a70
_bLexile
521 8 _aC
_bRaz-Plus
650 _aOccupations
_vChildren's book
_xCommunity
942 _2ddc
_cBK
_n0
999 _c7301
_d7301